| 000 | 00748nam a2200277Ia 4500 | ||
|---|---|---|---|
| 001 | 2949 | ||
| 005 | 20240113233603.0 | ||
| 007 | ta | ||
| 008 | 050321s2001 a g b000 u eng u | ||
| 020 | _a0-19-285359-7 | ||
| 040 | _aSKBL,Cotton College | ||
| 041 | _aeng | ||
| 082 |
_a100 _bCr 869 Co |
||
| 100 | _aCritchley, Simon . | ||
| 245 | 0 |
_aContinental Philosophy : A Very Short Introduction / _cSimon Critchley. _hTextual Documents |
|
| 250 | _a1st ed. / | ||
| 260 |
_aOxford : _bOxford Universsity Press , _c2001. |
||
| 300 |
_a149 : _bill. ; _c18 cm. . |
||
| 504 | _aIndex | ||
| 653 | _aContinental Philosophy | ||
| 653 | _aG-Philosophy | ||
| 942 |
_2ddc _cBK |
||
| 999 |
_c2937 _d2937 |
||